01170nam a22002297a 45000010005000000030006000050050017000110080041000280400029000690500012000980820012001101000018001222450077001402600054002173000058002715050007003295200490003365210029008265210018008556500035008737000032009087971FISKH20250815121536.0250815b cb ||||| |||| 00| 0 eng d aFISKHbengcFISKHdFISKH aPZ7.M64 a823.912 aMilne, A. A.  aPiglet meets a Heffalump / c A. A. Milne ; illustrated by Andrew Grey  aUnited States : bDutton Children's book, c1990. a28 unnumbered pages : bcolor illustrations ; c15 cm aQ  aGenerations of children have grown up on Winnie the Pooh's adventures with his forest friends. These sparkling audio adaptations of A.A. Milne's beloved stories-now available on CD-feature an all-star cast of readers, including Oscar winner Judi Dench. Three cheers for that silly old bear! & In Piglet meets a Heffalump, Eeyore has a birthday and gets two presents, Kanga and Baby Roo come to the Forest, Piglet has a bath, and Christopher Robin leads an expedition to the North Pole.8 a660 bLexile estimate 8 aQ bRaz-Plus  aPicture BookvJuvenile Fiction aGrey, Andrew eillustrator